000 00424nam a2200181Ia 4500
001 24013
005 20260414151015.0
008 260414t1989||||xx |||||||||||||| ||spa||
041 _aESP
082 _a750.92
_bT74
100 _aTorres Bohl, José
_eAUT
245 0 _aApuntes sobre José Sabogal
_b
260 _c1989
300 _a154 páginas :
_ccm.
650 _aABD
654 _aCAU
942 _cLIB
_dJUS
_fJUS
_2ddc
_n
999 _c24013
_d24013